000 00850nam a2200229 a 4500
001 000026477
005 20200930030238.0
008 110203s1972 ag r 000 f spa d
040 _aDO-SdBNP
_bspa
_cBNPHU
041 1 7 _aeng
_hspa
_2Código de idioma MARC
082 _axxx
_bJ27e
100 1 _aJames, Henry,
_d1843-1916.
_912819
240 1 0 _aThe middle year. The birtnplace
_lEspañol
245 1 0 _aLa edad madura ; La casa natal /
_cHenry James ; versión de Arturo Maccarini ; supervisión literaria de Raúl Gustavo Aguirre.
260 _aBuenos Aires, (Argentina) :
_bCorregidor,
_c1972.
300 _a147, [4] p. ;
_c19 cm.
534 _aTítulo del original en inglés :
_tThe middle year. The birtnplace
700 1 _aMaccarini, Arturo
_etr.
_953543
700 1 _aAguirre, Raúl Gustavo
_952918
740 1 _aLa casa natal
049 _aBNGR
999 _c25969
_d25969